[Event "Ruhrgebiet Verbandsklasse Gruppe 1 1617"]
[Site "Germany"]
[Date "2017.03.12"]
[Round "8.8"]
[White "Kampmann, Marcel"]
[Black "Ohmstede, Rudolf"]
[Result "1-0"]
[WhiteElo "1724"]
[BlackElo "1515"]
[PlyCount "61"]
[EventDate "2016.09.04"]
[EventType "team-tourn"]
[EventRounds "9"]
[EventCountry "GER"]
[SourceTitle "EXT 2022"]
[Source "ChessBase"]
[SourceDate "2021.10.06"]
[SourceVersion "1"]
[SourceVersionDate "2021.10.06"]
[SourceQuality "1"]
[WhiteTeam "Guennigfeld SV"]
[BlackTeam "Oberhausen SV III"]
[WhiteTeamCountry "GER"]
[BlackTeamCountry "GER"]

1. c4 e5 2. g3 Nf6 3. Bg2 Be7 4. Nf3 d6 5. 0-0 Nc6 6. Qc2 h6 7. d3 Be6 8. a3 Qd7 9. Rd1 Rb8 10. b4 Bf5 11. Nbd2 0-0 12. Bb2 Rfe8 13. Ne4 Nh7 14. b5 Nd8 15. Nc3 Ne6 16. Nd5 Bf8 17. e4 Bg4 18. Ne3 Neg5 19. Nxg4 Qxg4 20. Nxg5 Nxg5 21. Re1 Nf3+ 22. Bxf3 Qxf3 23. Qe2 Qxe2 24. Rxe2 Re6 25. f4 exf4 26. gxf4 f5 27. e5 Rbe8 28. d4 c6 29. a4 Kh7 30. d5 c5 31. dxe6 1-0

[Event "Ruhrgebiet Verbandsklasse Gruppe 1 1617"]
[Site "Germany"]
[Date "2017.02.19"]
[Round "7.8"]
[White "Kampmann, Marcel"]
[Black "Vleeming, Vincent"]
[Result "0-1"]
[WhiteElo "1724"]
[BlackElo "1977"]
[PlyCount "78"]
[EventDate "2016.09.04"]
[EventType "team-tourn"]
[EventRounds "9"]
[EventCountry "GER"]
[SourceTitle "EXT 2022"]
[Source "ChessBase"]
[SourceDate "2021.10.06"]
[SourceVersion "1"]
[SourceVersionDate "2021.10.06"]
[SourceQuality "1"]
[WhiteTeam "Guennigfeld SV"]
[BlackTeam "Unna SV"]
[WhiteTeamCountry "GER"]
[BlackTeamCountry "GER"]

1. c4 Nf6 2. Nf3 g6 3. b3 Bg7 4. Bb2 0-0 5. Nc3 c5 6. g3 Nc6 7. Bg2 d6 8. 0-0 Bd7 9. e3 Rb8 10. d4 a6 11. d5 Na5 12. Re1 b5 13. cxb5 axb5 14. Qc2 b4 15. Ne4 Nxd5 16. Bxg7 Kxg7 17. Qb2+ Kg8 18. h4 Nc7 19. Ned2 Nb5 20. Nh2 Nc3 21. Ne4 Nxe4 22. Bxe4 Bc6 23. Ng4 h5 24. Bxc6 Nxc6 25. Nh2 Ne5 26. Qe2 Qc8 27. f4 Nc6 28. Red1 Rd8 29. g4 hxg4 30. Nxg4 Qe6 31. Qf3 d5 32. Qg3 Kg7 33. Kf2 d4 34. exd4 Rxd4 35. Rxd4 Nxd4 36. Re1 Qd6 37. Ne5 Nf5 38. Qg4 Qd4+ 39. Kf3 Rh8 0-1

[Event "ZI-2011-0-00954"]
[Site "LSS email"]
[Date "2011.04.05"]
[Round "?"]
[White "Kampmann, Marcel"]
[Black "Lizorkina, Veronika"]
[Result "0-1"]
[WhiteElo "1465"]
[BlackElo "1761"]
[PlyCount "46"]
[EventDate "2011.03.31"]
[EventType "match (corr)"]
[EventRounds "2"]
[EventCountry "GER"]
[SourceTitle "Telechess CBM 145"]
[Source "Chessbase"]
[SourceDate "2011.11.11"]
[SourceVersion "1"]
[SourceVersionDate "2011.11.11"]
[SourceQuality "1"]

1. Nf3 d5 2. c4 d4 3. e3 dxe3 4. fxe3 e6 5. d4 Nf6 6. Nc3 c5 7. Be2 cxd4 8. exd4 Bd6 9. c5 Bc7 10. 0-0 0-0 11. Bg5 h6 12. Bh4 Bf4 13. Qd3 Nc6 14. d5 Ne5 15. Nxe5 Bxe5 16. d6 Qa5 17. Bf2 Bxc3 18. bxc3 Bd7 19. Qb1 Bc6 20. Qb4 Qa4 21. Bd3 Nd7 22. Rfb1 Qxb4 23. cxb4 Bd5 0-1

[Event "SC-2011-0-00097"]
[Site "LSS email"]
[Date "2011.04.05"]
[Round "?"]
[White "Kampmann, Marcel"]
[Black "Winbush, Jerome"]
[Result "0-1"]
[WhiteElo "1557"]
[BlackElo "1805"]
[PlyCount "22"]
[EventDate "2011.03.15"]
[EventType "tourn (corr)"]
[EventRounds "6"]
[EventCountry "GER"]
[SourceTitle "Corr 2015"]
[Source "ChessBase"]
[SourceDate "2015.07.17"]
[SourceVersion "1"]
[SourceVersionDate "2015.07.17"]
[SourceQuality "1"]

1. Nf3 g6 2. e4 Bg7 3. d4 d6 4. Be2 Nf6 5. Nc3 0-0 6. 0-0 Bg4 7. Be3 Nc6 8. d5 Nb8 9. h3 Bxf3 10. Bxf3 c6 11. a4 a5 0-1

[Event "SC-2011-0-00097"]
[Site "LSS email"]
[Date "2011.04.02"]
[Round "?"]
[White "Kampmann, Marcel"]
[Black "Kawagoe, Toshiji"]
[Result "0-1"]
[WhiteElo "1557"]
[BlackElo "1812"]
[PlyCount "42"]
[EventDate "2011.03.15"]
[EventType "tourn (corr)"]
[EventRounds "6"]
[EventCountry "GER"]
[SourceTitle "Telechess CBM 149"]
[Source "ChessBase"]
[SourceDate "2012.07.17"]
[SourceVersion "1"]
[SourceVersionDate "2012.07.17"]
[SourceQuality "1"]

1. Nf3 f5 2. g3 Nf6 3. Bg2 e6 4. d4 d5 5. c4 c6 6. 0-0 Be7 7. Qd3 0-0 8. Nc3 Bd6 9. Bg5 h6 10. Be3 b6 11. cxd5 cxd5 12. Ne5 Bxe5 13. dxe5 Ne4 14. Rac1 Ba6 15. Qd4 Qd7 16. b3 Bb7 17. Rfd1 Nxc3 18. Rxc3 Rc8 19. Rxc8+ Bxc8 20. Qb4 Nc6 21. Qd6 Qxd6 0-1

[Event "RC-2011-0-00067"]
[Site "LSS email"]
[Date "2011.04.02"]
[Round "?"]
[White "Milde, Lars"]
[Black "Kampmann, Marcel"]
[Result "1-0"]
[WhiteElo "1591"]
[BlackElo "1465"]
[PlyCount "29"]
[EventDate "2011.02.27"]
[EventType "tourn (corr)"]
[EventRounds "6"]
[EventCountry "GER"]
[SourceTitle "Corr 2013"]
[Source "ChessBase"]
[SourceDate "2012.11.12"]
[SourceVersion "1"]
[SourceVersionDate "2012.11.12"]
[SourceQuality "1"]

1. e4 e6 2. d4 d5 3. e5 c5 4. c3 Nc6 5. Nf3 Qb6 6. a3 c4 7. Nbd2 Na5 8. Rb1 Bd7 9. b4 cxb3 10. c4 Ne7 11. c5 Qc7 12. Nxb3 Ba4 13. Nfd2 b6 14. Qg4 Nxb3 15. Nxb3 1-0

[Event "SC-2011-0-00096"]
[Site "LSS email"]
[Date "2011.03.29"]
[Round "?"]
[White "Kampmann, Marcel"]
[Black "Linart, Ludvik"]
[Result "0-1"]
[WhiteElo "1557"]
[BlackElo "845"]
[PlyCount "33"]
[EventDate "2011.03.11"]
[EventType "tourn (corr)"]
[EventRounds "6"]
[EventCountry "GER"]
[SourceTitle "Corr 2015"]
[Source "ChessBase"]
[SourceDate "2015.07.17"]
[SourceVersion "1"]
[SourceVersionDate "2015.07.17"]
[SourceQuality "1"]

1. e4 b6 2. d4 Bb7 3. Nc3 e6 4. Bd3 Nf6 5. Nge2 Bb4 6. a3 Bxc3+ 7. Nxc3 0-0 8. e5 Ne8 9. Qh5 g6 10. Qh6 Qe7 11. h4 Bxg2 12. Rg1 Bh3 13. h5 Bf5 14. Ne4 f6 15. hxg6 hxg6 16. Nxf6+ Nxf6 17. Bxf5 0-1

[Event "SC-2011-0-00096"]
[Site "LSS email"]
[Date "2011.03.29"]
[Round "?"]
[White "Korinek, Jaroslav"]
[Black "Kampmann, Marcel"]
[Result "1-0"]
[WhiteElo "1809"]
[BlackElo "1557"]
[PlyCount "48"]
[EventDate "2011.03.11"]
[EventType "tourn (corr)"]
[EventRounds "6"]
[EventCountry "GER"]
[SourceTitle "Telechess CBM 149"]
[Source "ChessBase"]
[SourceDate "2012.07.17"]
[SourceVersion "1"]
[SourceVersionDate "2012.07.17"]
[SourceQuality "1"]

1. e4 c5 2. Nf3 d6 3. d4 cxd4 4. Nxd4 Nf6 5. Nc3 a6 6. Be3 e5 7. Nf3 Nc6 8. Bc4 Be6 9. Nd5 Rc8 10. Bb6 Qd7 11. Nxf6+ gxf6 12. Bxe6 fxe6 13. c3 d5 14. exd5 Qxd5 15. Qe2 Qb5 16. Qxb5 axb5 17. a3 Ne7 18. Rd1 Nd5 19. Be3 Kf7 20. 0-0 Rg8 21. Rfe1 Rc7 22. Nh4 Rd7 23. g3 f5 24. Bc1 Kf6 1-0

[Event "OP-2011-0-01455"]
[Site "LSS email"]
[Date "2011.03.22"]
[Round "?"]
[White "Kapatos, Endre"]
[Black "Kampmann, Marcel"]
[Result "1-0"]
[WhiteElo "1005"]
[BlackElo "1473"]
[PlyCount "58"]
[EventDate "2011.03.19"]
[EventType "tourn (corr)"]
[EventRounds "4"]
[EventCountry "GER"]
[SourceTitle "Telechess CBM 147"]
[Source "ChessBase"]
[SourceDate "2012.03.16"]
[SourceVersion "1"]
[SourceVersionDate "2012.03.16"]
[SourceQuality "1"]

1. e4 e6 2. d3 d5 3. Nd2 Be7 4. Ngf3 c5 5. g3 Nc6 6. Bg2 Qc7 7. 0-0 Nf6 8. Re1 0-0 9. Qe2 b5 10. c3 a5 11. e5 Nd7 12. h4 a4 13. h5 h6 14. Nf1 b4 15. g4 c4 16. d4 a3 17. g5 axb2 18. Qxb2 bxc3 19. Qxc3 Bb4 20. Qe3 hxg5 21. Bd2 g4 22. N3h2 f5 23. exf6 Nxf6 24. Reb1 Ra3 25. Qg5 Bxd2 26. Qxd2 Rd3 27. Qg5 Nxd4 28. Ne3 g3 29. fxg3 Ne2+ 1-0

[Event "LSS SC-2010-0-00085"]
[Site "LSS email"]
[Date "2011.01.19"]
[Round "?"]
[White "Herzog, Klaus"]
[Black "Kampmann, Marcel"]
[Result "0-1"]
[WhiteElo "1802"]
[BlackElo "1465"]
[PlyCount "30"]
[EventDate "2010.12.10"]
[EventType "tourn (corr)"]
[EventRounds "6"]
[EventCountry "GER"]
[SourceTitle "Corr 2013"]
[Source "ChessBase"]
[SourceDate "2012.11.12"]
[SourceVersion "1"]
[SourceVersionDate "2012.11.12"]
[SourceQuality "1"]
[WhiteTeam "US of America"]
[BlackTeam "US of America"]
[WhiteTeamCountry "USA"]
[BlackTeamCountry "USA"]

1. d4 d5 2. c4 Nf6 3. Nc3 dxc4 4. e4 e5 5. d5 b5 6. Nf3 Bc5 7. Bg5 0-0 8. Qc2 c6 9. 0-0-0 Qb6 10. Nxe5 cxd5 11. Bxf6 Qxf6 12. Nf3 dxe4 13. Qxe4 Nc6 14. Nxb5 Rb8 15. Qxc4 Be7 0-1

[Event "LSS SC-2010-0-00085"]
[Site "LSS email"]
[Date "2011.01.19"]
[Round "?"]
[White "Salazar Moran, Alejandro Fortunato"]
[Black "Kampmann, Marcel"]
[Result "1/2-1/2"]
[WhiteElo "1503"]
[BlackElo "1465"]
[PlyCount "115"]
[EventDate "2010.12.10"]
[EventType "tourn (corr)"]
[EventRounds "6"]
[EventCountry "GER"]
[SourceTitle "Telechess CBM 145"]
[Source "Chessbase"]
[SourceDate "2011.11.11"]
[SourceVersion "1"]
[SourceVersionDate "2011.11.11"]
[SourceQuality "1"]

1. e4 e5 2. Bc4 Nc6 3. d3 Bc5 4. Nc3 Nf6 5. Bg5 h6 6. Be3 d6 7. Bxc5 dxc5 8. Nf3 0-0 9. h3 Qd6 10. 0-0 Re8 11. a4 a6 12. a5 Bd7 13. Nd5 Nxd5 14. Bxd5 Ne7 15. Bc4 Ng6 16. h4 Bg4 17. g3 Rad8 18. Kg2 Qd7 19. Re1 Bh5 20. Kh2 Qg4 21. Re3 Rd6 22. Qg1 Qd7 23. Nd2 Qe7 24. Bd5 Rb8 25. Nc4 Rf6 26. Nd2 Rd6 27. Qg2 Bg4 28. Kg1 Nf8 29. Rf1 Rf6 30. f3 Be6 31. c3 h5 32. Bxe6 Rxe6 33. Nc4 b5 34. axb6 cxb6 35. Ree1 Qd7 36. Rd1 Ng6 37. Qf2 Rd8 38. Rd2 b5 39. Ne3 Ne7 40. Kg2 Rg6 41. Rfd1 Nc6 42. Nf5 Ne7 43. Ne3 Rd6 44. c4 Qa7 45. f4 Nc6 46. f5 Na5 47. Nd5 Nb3 48. f6 Nxd2 49. Qxd2 Qd7 50. Rf1 Qg4 51. fxg7 bxc4 52. Qf2 Qxg7 53. dxc4 Rb8 54. Ne7+ Kh7 55. Qf5+ Kh8 56. Qxh5+ Rh6 57. Qe2 Rhb6 58. Qh5+ 1/2-1/2

[Event "LSS RC-2010-0-00057"]
[Site "LSS email"]
[Date "2010.12.28"]
[Round "?"]
[White "Kampmann, Marcel"]
[Black "Milde, Lars"]
[Result "1-0"]
[WhiteElo "1707"]
[BlackElo "1643"]
[PlyCount "51"]
[EventDate "2010.10.29"]
[EventType "tourn (corr)"]
[EventRounds "6"]
[EventCountry "GER"]
[SourceTitle "Telechess CBM 145"]
[Source "Chessbase"]
[SourceDate "2011.11.11"]
[SourceVersion "1"]
[SourceVersionDate "2011.11.11"]
[SourceQuality "1"]

1. d4 d5 2. Nf3 Nf6 3. c4 dxc4 4. e3 e6 5. Nc3 a6 6. Bxc4 b5 7. Bb3 Bb7 8. 0-0 c5 9. Qe2 Nbd7 10. Rd1 Qb8 11. g3 Be7 12. e4 cxd4 13. Nxd4 Qc7 14. Bf4 e5 15. Rac1 Bc5 16. Nd5 Bxd5 17. Bxd5 Rc8 18. b4 exf4 19. bxc5 fxg3 20. hxg3 0-0 21. c6 Ne5 22. f4 Nxd5 23. exd5 Nc4 24. Rxc4 bxc4 25. Nf5 Kh8 26. Qe5 1-0

[Event "LSS RC-2010-0-00057"]
[Site "LSS email"]
[Date "2010.12.28"]
[Round "?"]
[White "Pott, Brian"]
[Black "Kampmann, Marcel"]
[Result "0-1"]
[WhiteElo "1708"]
[BlackElo "1707"]
[PlyCount "72"]
[EventDate "2010.10.29"]
[EventType "tourn (corr)"]
[EventRounds "6"]
[EventCountry "GER"]
[SourceTitle "Telechess CBM 145"]
[Source "Chessbase"]
[SourceDate "2011.11.11"]
[SourceVersion "1"]
[SourceVersionDate "2011.11.11"]
[SourceQuality "1"]

1. e4 e5 2. Nf3 Nc6 3. Bc4 Bc5 4. b4 Bxb4 5. c3 Ba5 6. Qb3 Qe7 7. d4 Nf6 8. dxe5 Nxe5 9. Nxe5 Qxe5 10. Bxf7+ Ke7 11. 0-0 Rf8 12. f4 Qxe4 13. Bc4 Kd8 14. Kh1 Re8 15. Nd2 Qe3 16. Rf3 Qb6 17. Qa3 Qc6 18. Bb2 b6 19. Bf1 Qc5 20. Qa4 Bb7 21. Nb3 Qf5 22. Rg3 Qc2 23. Ba3 Bc6 24. Qc4 Bd5 25. Qa6 Ne4 26. Rf3 Nf2+ 27. Rxf2 Qxf2 28. Nxa5 bxa5 29. Qb5 Re1 30. Rxe1 Qxe1 31. Kg1 Qe3+ 32. Kh1 Qxf4 33. Bc5 Qf5 34. Qe2 d6 35. Bf2 Rb8 36. c4 Be4 0-1

[Event "OP-2010-0-01348"]
[Site "LSS email"]
[Date "2010.12.23"]
[Round "?"]
[White "Feng, Jason"]
[Black "Kampmann, Marcel"]
[Result "0-1"]
[WhiteElo "858"]
[BlackElo "1707"]
[PlyCount "52"]
[EventDate "2010.12.17"]
[EventType "tourn (corr)"]
[EventRounds "4"]
[EventCountry "GER"]
[SourceTitle "Telechess CBM 145"]
[Source "Chessbase"]
[SourceDate "2011.11.11"]
[SourceVersion "1"]
[SourceVersionDate "2011.11.11"]
[SourceQuality "1"]

1. e4 e5 2. Nf3 Nc6 3. Bc4 Bc5 4. b4 Bxb4 5. c3 Ba5 6. d4 exd4 7. 0-0 dxc3 8. Qb3 Qf6 9. Bg5 Qg6 10. Nxc3 Nf6 11. h4 Bxc3 12. Qxc3 Nxe4 13. Qe3 0-0 14. h5 Qf5 15. h6 Nxg5 16. Nxg5 gxh6 17. Ne4 d6 18. Ng3 Qg5 19. Qc3 Qg7 20. Qf3 Bg4 21. Qf4 Qg5 22. Qe4 Rae8 23. Qb1 h5 24. Qxb7 Nd4 25. Qxa7 Qg7 26. f3 Bxf3 0-1

[Event "OP-2010-0-01348"]
[Site "LSS email"]
[Date "2010.12.22"]
[Round "?"]
[White "Kampmann, Marcel"]
[Black "Raines, David T"]
[Result "1-0"]
[WhiteElo "1707"]
[BlackElo "1004"]
[PlyCount "49"]
[EventDate "2010.12.17"]
[EventType "tourn (corr)"]
[EventRounds "4"]
[EventCountry "GER"]
[SourceTitle "Telechess CBM 145"]
[Source "Chessbase"]
[SourceDate "2011.11.11"]
[SourceVersion "1"]
[SourceVersionDate "2011.11.11"]
[SourceQuality "1"]

1. d4 d5 2. Nf3 Nf6 3. c4 c6 4. e3 Nbd7 5. cxd5 cxd5 6. Nc3 e6 7. Bd3 Be7 8. 0-0 0-0 9. Bd2 a6 10. Rc1 b5 11. Qb3 Bb7 12. Ne2 Rc8 13. Rxc8 Qxc8 14. Bb4 Bxb4 15. Qxb4 Nb6 16. b3 Qb8 17. a4 Ne4 18. axb5 axb5 19. Qxb5 Qa7 20. Ne5 Ra8 21. f3 Nd6 22. Qc5 Nbc8 23. Rc1 h6 24. Qc7 Ba6 25. Qd8+ 1-0

[Event "ZI-2010-0-00842"]
[Site "LSS email"]
[Date "2010.12.22"]
[Round "?"]
[White "Tittarelli, Adriano"]
[Black "Kampmann, Marcel"]
[Result "0-1"]
[WhiteElo "1303"]
[BlackElo "1682"]
[PlyCount "60"]
[EventDate "2010.12.14"]
[EventType "match (corr)"]
[EventRounds "2"]
[EventCountry "GER"]
[SourceTitle "Telechess CBM 145"]
[Source "Chessbase"]
[SourceDate "2011.11.11"]
[SourceVersion "1"]
[SourceVersionDate "2011.11.11"]
[SourceQuality "1"]

1. d4 d5 2. Bf4 Nc6 3. e3 Bf5 4. c3 e6 5. Nf3 Bd6 6. Ne5 f6 7. Nxc6 bxc6 8. Bxd6 cxd6 9. Nd2 e5 10. Be2 Ne7 11. h3 0-0 12. 0-0 c5 13. Bg4 Bc8 14. Bxc8 Rxc8 15. Re1 cxd4 16. exd4 e4 17. Qg4 f5 18. Qf4 Rf6 19. f3 Qb6 20. Nb3 Ng6 21. Qe3 f4 22. Qe2 e3 23. Rac1 Nh4 24. Qf1 Qb7 25. c4 Rg6 26. Re2 dxc4 27. Rec2 Qd5 28. Rxc4 Rxg2+ 29. Qxg2 Rxc4 30. Qg4 Nxf3+ 0-1

[Event "LSS SD-2010-0-00078"]
[Site "LSS email"]
[Date "2010.12.18"]
[Round "?"]
[White "Kampmann, Marcel"]
[Black "Martins, Karin"]
[Result "1-0"]
[WhiteElo "1473"]
[BlackElo "1548"]
[PlyCount "97"]
[EventDate "2010.11.19"]
[EventType "tourn (corr)"]
[EventRounds "6"]
[EventCountry "GER"]
[SourceTitle "Telechess CBM 147"]
[Source "ChessBase"]
[SourceDate "2012.03.16"]
[SourceVersion "1"]
[SourceVersionDate "2012.03.16"]
[SourceQuality "1"]

1. d4 Nf6 2. Nf3 c5 3. d5 g6 4. Nc3 Bg7 5. e4 d6 6. Be2 0-0 7. 0-0 Na6 8. Re1 Nc7 9. h3 b6 10. Bf4 b5 11. e5 dxe5 12. Nxe5 Bb7 13. Nc6 Bxc6 14. dxc6 Ne6 15. Qxd8 Raxd8 16. Be5 b4 17. Na4 Rc8 18. Ba6 Rxc6 19. Bb7 Rd6 20. Bxd6 exd6 21. c3 Rb8 22. Bf3 d5 23. Rad1 d4 24. cxd4 cxd4 25. Re5 Rc8 26. Rb5 Bf8 27. Rb7 b3 28. axb3 a5 29. Be2 Rd8 30. Bc4 h6 31. Bxe6 fxe6 32. Rb5 Bb4 33. Nc5 e5 34. f3 Nd5 35. Nd3 Ne3 36. Rc1 Nd5 37. Nxe5 Nf4 38. Kf1 Nd5 39. Kf2 Nf4 40. g3 Ne6 41. Rc6 Re8 42. f4 Nf8 43. Rd5 Kh7 44. Rxd4 g5 45. Nd7 Ra8 46. f5 Kg7 47. f6+ Kg8 48. Ne5 Ra7 49. Ke3 1-0

[Event "LSS RD-2010-0-00043"]
[Site "LSS email"]
[Date "2010.12.18"]
[Round "?"]
[White "Sukhanitskij, Stanislav"]
[Black "Kampmann, Marcel"]
[Result "1/2-1/2"]
[WhiteElo "836"]
[BlackElo "1465"]
[PlyCount "36"]
[EventDate "2010.10.28"]
[EventType "tourn (corr)"]
[EventRounds "6"]
[EventCountry "GER"]
[SourceTitle "Telechess CBM 145"]
[Source "Chessbase"]
[SourceDate "2011.11.11"]
[SourceVersion "1"]
[SourceVersionDate "2011.11.11"]
[SourceQuality "1"]

1. d4 d5 2. Nf3 Nf6 3. e3 g6 4. Bd3 Bg7 5. 0-0 Be6 6. Nbd2 Nc6 7. a3 Qd7 8. c4 Bf5 9. Bxf5 gxf5 10. b4 dxc4 11. Nxc4 Qd5 12. Qc2 Rg8 13. Bb2 Bh6 14. Kh1 0-0-0 15. Nce5 Rxg2 16. Rac1 Rg7 17. Qxf5+ e6 18. Qxf6 Nxe5 1/2-1/2

[Event "LSS SD-2010-0-00078"]
[Site "LSS email"]
[Date "2010.12.17"]
[Round "?"]
[White "Ferluga, Sergio"]
[Black "Kampmann, Marcel"]
[Result "0-1"]
[WhiteElo "1224"]
[BlackElo "1473"]
[PlyCount "82"]
[EventDate "2010.11.19"]
[EventType "tourn (corr)"]
[EventRounds "6"]
[EventCountry "GER"]
[SourceTitle "Telechess CBM 147"]
[Source "ChessBase"]
[SourceDate "2012.03.16"]
[SourceVersion "1"]
[SourceVersionDate "2012.03.16"]
[SourceQuality "1"]

1. e4 e5 2. d4 exd4 3. f4 Nc6 4. Nf3 Bc5 5. Bd3 d5 6. 0-0 Nf6 7. exd5 Nxd5 8. Re1+ Nce7 9. Ng5 h6 10. Ne4 Bb6 11. a4 f5 12. Ned2 Ne3 13. Qh5+ g6 14. Qf3 Be6 15. Nf1 Nxc2 16. Bxc2 d3+ 17. Kh1 dxc2 18. Rxe6 Qd4 19. Re3 Qd1 20. Nc3 Rd8 21. Kg1 Kf7 22. a5 Bxe3+ 23. Qxe3 Nc6 24. a6 Rhe8 25. Qf2 b5 26. Nxb5 Re1 27. b3 Nb4 28. Na3 Nd3 29. Bd2 Nxf2 30. Bxe1 Qxa1 31. Nxc2 Qc1 32. Kxf2 Qxc2+ 33. Nd2 Rxd2+ 34. Bxd2 Qxd2+ 35. Kf3 g5 36. fxg5 hxg5 37. h3 f4 38. g3 Qe3+ 39. Kg2 Qe2+ 40. Kh1 f3 41. b4 Qg2# 0-1

[Event "LSS SD-2010-0-00078"]
[Site "LSS email"]
[Date "2010.12.17"]
[Round "?"]
[White "Kampmann, Marcel"]
[Black "Metz, Larry R"]
[Result "1-0"]
[WhiteElo "1473"]
[BlackElo "1425"]
[PlyCount "45"]
[EventDate "2010.11.19"]
[EventType "tourn (corr)"]
[EventRounds "6"]
[EventCountry "GER"]
[SourceTitle "Telechess CBM 147"]
[Source "ChessBase"]
[SourceDate "2012.03.16"]
[SourceVersion "1"]
[SourceVersionDate "2012.03.16"]
[SourceQuality "1"]

1. d4 d5 2. Nf3 Nc6 3. c4 e6 4. a3 Nf6 5. Nc3 Be7 6. e3 0-0 7. b4 a5 8. b5 Na7 9. Rb1 Ne4 10. Nxe4 dxe4 11. Nd2 f5 12. c5 b6 13. c6 Rf6 14. Be2 Rh6 15. 0-0 Bf8 16. g3 Qg5 17. f4 Qg6 18. Nc4 Qf6 19. Qb3 Rh3 20. Ne5 Qh6 21. Rf2 Bd6 22. Bf1 Rh5 23. Bc4 1-0

[Event "ZI-2010-0-00825"]
[Site "LSS email"]
[Date "2010.11.23"]
[Round "?"]
[White "Stepanov, Valery Anatolievich"]
[Black "Kampmann, Marcel"]
[Result "1/2-1/2"]
[WhiteElo "1608"]
[BlackElo "1586"]
[PlyCount "59"]
[EventDate "2010.11.17"]
[EventType "match (corr)"]
[EventRounds "2"]
[EventCountry "GER"]
[SourceTitle "Telechess CBM 143"]
[Source "ChessBase"]
[SourceDate "2011.07.15"]
[SourceVersion "1"]
[SourceVersionDate "2011.07.15"]
[SourceQuality "1"]

1. e4 e5 2. Nf3 Nc6 3. Bb5 Nf6 4. Nc3 Bc5 5. Nxe5 Nxe5 6. d4 Bd6 7. f4 Nc6 8. e5 0-0 9. 0-0 Be7 10. exf6 Bxf6 11. d5 Nb4 12. Be3 c6 13. Bc4 Re8 14. Bf2 b6 15. d6 Ba6 16. Bxa6 Nxa6 17. Qg4 Nb4 18. Rac1 Rc8 19. a3 Nd5 20. Nxd5 cxd5 21. c3 Rc4 22. Rcd1 Ree4 23. Qf3 Qa8 24. Rfe1 Rxe1+ 25. Rxe1 Re4 26. Rd1 g6 27. Rd2 Bg7 28. g3 Qc6 29. Qd3 d4 30. cxd4 1/2-1/2

[Event "LSS SC-2010-0-00075"]
[Site "LSS email"]
[Date "2010.09.29"]
[Round "?"]
[White "Edwards, KEDG"]
[Black "Kampmann, Marcel"]
[Result "1-0"]
[WhiteElo "1859"]
[BlackElo "1541"]
[PlyCount "97"]
[EventDate "2010.08.23"]
[EventType "tourn (corr)"]
[EventRounds "6"]
[EventCountry "GER"]
[SourceTitle "Corr 2022"]
[Source "ChessBase"]
[SourceDate "2021.10.24"]
[SourceVersion "1"]
[SourceVersionDate "2021.10.24"]
[SourceQuality "1"]

1. e4 e5 2. Nf3 Nf6 3. Nxe5 d6 4. Nf3 Nxe4 5. c4 Be7 6. d4 Ng5 7. Nc3 0-0 8. Be2 Nc6 9. 0-0 Re8 10. Nd5 Nxf3+ 11. Bxf3 Bf6 12. Be3 Bf5 13. Qd2 a5 14. Rae1 Nb4 15. Nxf6+ Qxf6 16. Bxb7 Rab8 17. Bg5 Qg6 18. Rxe8+ Rxe8 19. b3 h6 20. Bf4 Bb1 21. a3 Bd3 22. Re1 Rxe1+ 23. Qxe1 Nc2 24. Qe8+ Kh7 25. h3 Nxd4 26. Be3 Qe6 27. Qxe6 Nxe6 28. Bd5 Kg6 29. f3 Nc5 30. b4 axb4 31. axb4 Na6 32. Bd2 Nb8 33. h4 c6 34. h5+ Kf6 35. Bc3+ Ke7 36. Be4 Bxe4 37. fxe4 f6 38. Kf1 Nd7 39. Ke2 Nb6 40. Kd3 Na4 41. b5 Kd7 42. Bd4 Kc7 43. Ke3 Kd7 44. g4 c5 45. Ba1 Nb6 46. Kd3 Kc7 47. g5 hxg5 48. Bxf6 gxf6 49. e5 1-0